Países com a maior média de gols em Copa do Mundo - Statistics

Estatísticas Gerais
  • Esse quiz foi jogado 80 vezes
  • A pontuação média é 7 de 10
Estatísticas das Respostas
País Gols marcados Partidas Média % Correto
Brasil 237 114 2,08
100%
Alemanha 232 111 2,09
96%
Argentina 152 88 1,73
95%
França 136 73 1,86
90%
Países Baixos 95 54 1,76
85%
Portugal 61 35 1,74
81%
Hungria 87 32 2,72
51%
Rússia 24 14 1,71
49%
União Soviética 53 31 1,71
33%
Turquia 20 9 2,22
22%
Nenhum quiz correspondente encontrado
Distribuição das Pontuações
Porcentagem de Pessoas com Cada Pontuação
Percentil de Números Respondidos
Sua Pontuação Histórica
Você não jogou esse quiz